Living world: Exploring modern biology (Record no. 29737)

MARC details
000 -LEADER
fixed length control field 00372nam a2200145Ia 4500
082 ## - DEWEY DECIMAL CLASSIFICATION NUMBER
Classification number 574
Item number MAC
100 ## - MAIN ENTRY--AUTHOR NAME
Personal name HANES, Ted L
245 #0 - TITLE STATEMENT
Title Living world: Exploring modern biology
260 ## - PUBLICATION, DISTRIBUTION, ETC. (IMPRINT)
Place of publication New Jersey
Name of publisher Prentice Hall
Year of publication 1978
650 ## - SUBJECT ADDED ENTRY--TOPICAL TERM
Topical Term Biology
650 ## - SUBJECT ADDED ENTRY--TOPICAL TERM
Topical Term Plant nutrition
700 ## - ADDED ENTRY--PERSONAL NAME
Personal name MACQUEEN, Jean
942 ## - ADDED ENTRY ELEMENTS (KOHA)
Koha item type Books
Holdings
Withdrawn status Lost status Damaged status Not for loan Home library Current library Date acquired Full call number Accession Number Koha item type
        RRII Library RRII Library 16/12/2021 574 MAC 10319 Books